| 000 | 00533nam a2200193Ia 4500 | ||
|---|---|---|---|
| 005 | 20240823044545.0 | ||
| 008 | 240823s9999||||xx |||||||||||||| ||und|| | ||
| 020 | _a978-81-203-2834-1 | ||
| 041 | _aENGLISH | ||
| 082 | _A519.5 P5 | ||
| 100 | _aRichard A Johnson | ||
| 245 | 0 | _aMiller & Freund s Probability and Statistics for Engineers | |
| 250 | _a7th | ||
| 260 |
_c2005 _b"PHI,.New " _aNew Delhi |
||
| 500 | _aTRANSFERED | ||
| 650 |
_aProbability and Statistiecs for Engineers _bMathematics |
||
| 942 | _cBK | ||
| 999 |
_c212874 _d212874 |
||